Primera parte de los Anales d[e] Aragon : que prosigue los del secretario Geronimo Çurita dese el año MDXVI ... / por el Dr. Bartholome Leonardo de Arge[n]sola ... que prosigue los del secretario Geronimo Çurita dese el año MDXVI ... / por el Dr. Bartholome Leonardo de Arge[n]sola ...
Descripción Física:
[26], 1128, [40] p., [1]f. de làm. ; 30 cm
Materias:
Corona catalanoaragonesa -- Història
MARC
| LEADER | 00000nam a2200000Ia 4500 | ||
|---|---|---|---|
| 001 | 14677 | ||
| 008 | 160829s1630 xx 000 0 cat d | ||
| 080 | |a R-12-171 | ||
| 100 | |a Argensola, Bartolomé Leonardo |9 22297 | ||
| 245 | |a Primera parte de los Anales d[e] Aragon : |b que prosigue los del secretario Geronimo Çurita dese el año MDXVI ... / por el Dr. Bartholome Leonardo de Arge[n]sola ... | ||
| 260 | |a Çaragoça [Saragossa] : |b por Iuan de Lanaia, |c 1630 | ||
| 300 | |a [26], 1128, [40] p., [1]f. de làm. ; |c 30 cm | ||
| 590 | |a Índex. | ||
| 590 | |a Port. amb gravats | ||
| 650 | |a Corona catalanoaragonesa |x Història |9 37576 | ||
| 700 | |a Zurita, Jerónimo |9 38129 | ||
| 700 | |a Lanaja y Quartanet, Juan de |9 22300 | ||
| 901 | |a Arxiu | ||
| 942 | |n 1 | ||
| 952 | |0 0 |1 0 |4 0 |6 R12171 |7 1 |9 42162 |a Arxiu |b Arxiu |d 2016-12-01 |l 0 |o R-12-171 |p 14677 |r 2016-12-01 00:00:00 |w 2016-12-01 |y ARXIU | ||
| 999 | |c 44609 |d 44609 | ||